| 000 | 01906nam0a22003011 4500 | ||
|---|---|---|---|
| 001 | v19\rc\1709693 | ||
| 005 | 20260405235824.0 | ||
| 035 | _a(NLR Aleph) 005245931 | ||
| 090 |
_a5753687 _c5753687 |
||
| 100 | _a20061002e18991899|||y0rusy50 ca | ||
| 101 | 0 | _arus | |
| 102 | _aRU | ||
| 105 | _ay z ||||| | ||
| 200 | 1 |
_aО расторжении брака в случае душевной болезни одного из супругов _e[Докл., чит. в Киев. юрид. о-ве] _f[Соч.] Проф. Н.А. Оболонского |
|
| 210 |
_aСанкт-Петербург _cК.Л. Риккер _d1899 |
||
| 215 |
_a10, 2 с. _d24 |
||
| 300 | _aАвт., загл. и указание на отт. на рус. и фр. яз.; резюме на фр. яз. | ||
| 309 | _aБез тит. л. | ||
| 311 | _aОтт. из журн. "Рус. архив патологии, клинич. медицины, бактериологии", изд. под ред. проф. В.В. Подвысоцкого | ||
| 488 | 0 |
_12001#$aРусский архив патологии, клинической медицины, бактериологии, изд. под редакцией проф. В.В. Подвысоцкого _1702#1$3RU\NLR\AUTH\77110591$7ca$aПодвысоцкий$bВ. В.$f1857-1913$gВладимир Валерианович$4340 _tРусский архив патологии, клинической медицины, бактериологии, изд. под редакцией проф. В.В. Подвысоцкого |
|
| 700 | 1 |
_8rus _7ca _aОболонский _bН. А. _f1856-1913 _gНиколай Александрович _3RU\NLR\AUTH\77109425 _992350 |
|
| 801 | 0 |
_aRU _bNLR _c20061002 _gpsbo |
|
| 801 | 0 |
_aRU _bRuMoRGB _c20061002 _2psbo |
|
| 801 | 1 |
_aRU _bProSoft-M _c20061002 _2rusmarc |
|
| 801 | 2 |
_aRU _bNLR _c20120409 _2rusmarc |
|
| 852 |
_aNLR _j20.97.3.517 |
||
| 942 | _cBOOK | ||
| 980 | _aNB | ||